00534nam a2200193 a 4500001001300000003000900013005001700022008004100039020002400080082001600104100002200120245005100142260004700193300000900240500003500249505001000284650002400294700002200318nice12345678IN_TiNIC20260116014424.0050524s2000 newa grp 000 0 eng  a0815623 c138500a303.69bBOU aBoulding, Elise C aCultures of Peaceb the Hidden Side of History aNew YorkbSyracuse University Press c2000 a347p aincludes index and biblioraphy2 aIndex aConflict Resolution1 aBoulding, Elise C